<?xml version='1.0' encoding='UTF-8'?>
  <record xmlns="http://www.loc.gov/MARC21/slim">
    <leader>00000cam a22000007i 4500</leader>
    <controlfield tag="001">ocm65488475</controlfield>
    <controlfield tag="003">OCoLC</controlfield>
    <controlfield tag="005">20240924015829.2</controlfield>
    <controlfield tag="008">900711s1541    ne            000 0 dut d</controlfield>
    <datafield tag="040" ind1=" " ind2=" ">
      <subfield code="a">NLGGC</subfield>
      <subfield code="b">dut</subfield>
      <subfield code="e">fobidrtb</subfield>
      <subfield code="c">NLGGC</subfield>
      <subfield code="d">OCLCQ</subfield>
      <subfield code="d">QGJ</subfield>
      <subfield code="d">OCLCA</subfield>
      <subfield code="d">OCLCL</subfield>
      <subfield code="d">OCLCQ</subfield>
    </datafield>
    <datafield tag="026" ind1=" " ind2=" ">
      <subfield code="e">154108 - b1 A.2. $oblectem : *b2 D.3. ia$tibi$de</subfield>
      <subfield code="2">stcnf</subfield>
    </datafield>
    <datafield tag="035" ind1=" " ind2=" ">
      <subfield code="a">(OCoLC)65488475</subfield>
    </datafield>
    <datafield tag="100" ind1="1" ind2=" ">
      <subfield code="a">Macropedius, Georgius</subfield>
      <subfield code="q">(George),</subfield>
      <subfield code="d">1487-1558.</subfield>
      <subfield code="1">https://id.oclc.org/worldcat/entity/E39PBJfMhC8cvqq8WpbvcTmmVC</subfield>
    </datafield>
    <datafield tag="245" ind1="1" ind2="0">
      <subfield code="a">PetrIscvs Georgii Macropedii fabula iucundissima. :</subfield>
      <subfield code="b">Ad Lectorem. Accipe nunc candide lector Petriscum nostram, ex fabulis illis, quas tibi nuper promisimus. Accipies reliquas, cu(m) mihi per occupationes scholasticas ad recognoscendum eas cavauerit. Vale.</subfield>
    </datafield>
    <datafield tag="246" ind1="3" ind2=" ">
      <subfield code="a">PetrIscus Georgii Macropedii fabula jucundissima</subfield>
    </datafield>
    <datafield tag="246" ind1="3" ind2=" ">
      <subfield code="a">Petriscus fabula jucundissima</subfield>
    </datafield>
    <datafield tag="260" ind1=" " ind2=" ">
      <subfield code="a">Bvscidvcis:</subfield>
      <subfield code="b">apud Ioannem Schœffer,</subfield>
      <subfield code="c">Anno Virginei partus. M.D.XLI. Mense vero Iunio.</subfield>
    </datafield>
    <datafield tag="300" ind1=" " ind2=" ">
      <subfield code="a">[64] p.</subfield>
      <subfield code="c">in-8 (16 cm)</subfield>
    </datafield>
    <datafield tag="500" ind1=" " ind2=" ">
      <subfield code="a">Collatiefomule: A-D:8.</subfield>
    </datafield>
    <datafield tag="500" ind1=" " ind2=" ">
      <subfield code="a">Titelpagina: regel 3-4: fabula iucund- / dissima.</subfield>
    </datafield>
    <datafield tag="500" ind1=" " ind2=" ">
      <subfield code="a">Signaturen met Arabische cijfers.</subfield>
    </datafield>
    <datafield tag="500" ind1=" " ind2=" ">
      <subfield code="a">Gegevens impressum ontleend aan colofon.</subfield>
    </datafield>
    <datafield tag="500" ind1=" " ind2=" ">
      <subfield code="a">Monogram G H op titelblad en drukkersmerk van Geraert van der Hatart op D8v.</subfield>
    </datafield>
    <datafield tag="500" ind1=" " ind2=" ">
      <subfield code="a">Illustratie: titelbordure in houtsnede.</subfield>
    </datafield>
    <datafield tag="500" ind1=" " ind2=" ">
      <subfield code="a">In het zelfde jaar verscheen een editie met impressum op titelblad en signaturen met Romeinse cijfers.</subfield>
    </datafield>
    <datafield tag="510" ind1="4" ind2=" ">
      <subfield code="a">Valkema Blouw, P. Typographia Batava, 1541-1600,</subfield>
      <subfield code="c">3310</subfield>
    </datafield>
    <datafield tag="700" ind1="1" ind2=" ">
      <subfield code="a">Krimpen, Hadrianus à</subfield>
      <subfield code="4">dte</subfield>
    </datafield>
    <datafield tag="710" ind1="0" ind2=" ">
      <subfield code="a">Scheffer, Jan (I, 's-Hertogenbosch)</subfield>
      <subfield code="4">prt</subfield>
      <subfield code="0">(NL-LeOCL)077161211</subfield>
    </datafield>
    <datafield tag="710" ind1="0" ind2=" ">
      <subfield code="a">Hatardus, Gerardus ('s-Hertogenbosch)</subfield>
      <subfield code="4">prt</subfield>
      <subfield code="0">(NL-LeOCL)298534746</subfield>
    </datafield>
    <datafield tag="936" ind1=" " ind2=" ">
      <subfield code="a">BATCHLOAD</subfield>
    </datafield>
  </record>